Szczegóły MARC21

Historia filozofii. T. 2, Filozofia nowożytna do roku 1830 /

003 -Nazwa inst., której nr kontr. jest w polu 001 [,]
    • @
    • Nazwa instytucji, której n kontrolny jest w polu 001
    • NUKAT
005 -DATA I CZAS OSTATNIEJ MODYFIKACJI [,]
    • @
    • pole kontrolne
    • 20241231095757.0
020 -Międzynarod. znormalizowany nr książki - ISBN [ , ]
    • a
    • Numer ISBN
    • 8301086505 Find
    • q
    • Dopowiedzenie
    • całość
020 -Międzynarod. znormalizowany nr książki - ISBN [ , ]
    • a
    • Numer ISBN
    • 8301086521 Find
    • q
    • Dopowiedzenie
    • t. 2
040 -Instytucja sporządzająca opis [ , ]
    • a
    • Instytucja, która sporządziła opis (NP)
    • KR 295/MP
    • b
    • Język katalogowania
    • pol
    • e
    • Zasady katalogowania
    • rda
    • c
    • Instytucja, która sporządziła rekord (NP)
    • KR 295/MP
    • d
    • Instytucja, która zmodyfikowała rekord (P)
    • KR 295/MP
    • d
    • Instytucja, która zmodyfikowała rekord (P)
    • Ł U/RRs
    • d
    • Instytucja, która zmodyfikowała rekord (P)
    • GL 001/FAK
    • d
    • Instytucja, która zmodyfikowała rekord (P)
    • WR O/IS
    • d
    • Instytucja, która zmodyfikowała rekord (P)
    • GD 27/LKs
    • d
    • Instytucja, która zmodyfikowała rekord (P)
    • GL 001/FMM
942 -Rodzaj dokumentu [ , ]
    • c
    • Rodzaj dokumentu
    • Książka
100 -Hasło główne - nazwa osobowa [1, ]
    • a
    • Nazwa osobowa (NP)
    • Tatarkiewicz, Władysław
    • d
    • Daty biograficzne (NP)
    • (1886-1980).
    • e
    • Rodzaj współpracy
    • Autor
    • 9
    • KHW
    • 7627
240 -Tytuł ujednolicony [1,0]
    • a
    • Tytuł ujednolicony
    • Historia filozofii
    • l
    • Język tekstu
    • (pol.)
    • 9
    • KHW
    • 466887
245 -Strefa tytułu i oznaczenia odpowiedzialności [1,0]
    • a
    • Tytuł
    • Historia filozofii. Find
    • n
    • Oznaczenie części (P)
    • T. 2,
    • p
    • Nazwa części (P)
    • Filozofia nowożytna do roku 1830 /
    • c
    • Pozostałe elementy strefy tytułu i oznaczenia odpowiedzialności (NP)
    • Władysław Tatarkiewicz.
246 -Wariant tytułu [3, ]
    • a
    • Tytuł (NP)
    • Filozofia nowożytna do roku 1830
250 -Strefa wydania [ , ]
    • a
    • Oznaczenie wydania (NP)
    • Wydanie jedenaste.
260 -Strefa adresu wydawniczego [ , ]
    • a
    • Miejsce wydania (P)
    • Warszawa :
    • b
    • Nazwa wydawcy (P)
    • Państwowe Wydawnictwo Naukowe,
    • c
    • Data wydania (P)
    • 1988.
300 -Strefa opisu fizycznego [ , ]
    • a
    • Określenie formy książki i/lub objętość (NP)
    • 294, [2] strony, [30] stron tablic :
    • b
    • Oznaczenie ilustracji (NP)
    • ilustracje ;
    • c
    • Format (NP)
    • 24 cm.
336 -Typ zawartości [ , ]
    • a
    • Termin opisujący typ zawartości
    • Tekst
    • b
    • Kod określający zawartość
    • txt
    • 2
    • Źródło (terminu i kodu)
    • rdacontent
337 -Typ mediów [ , ]
    • a
    • Tryb odtwarzania
    • Bez urządzenia pośredniczącego
    • b
    • Kod typu mediów
    • n
    • 2
    • Źródło (terminu i kodu)
    • rdamedia
338 -Typ/rodzaj nośnika [ , ]
    • a
    • Hasło opisujące typ nośnika
    • Wolumin
    • b
    • Kod typu nośnika
    • nc
    • 2
    • Źródło (terminu i kodu)
    • rdacarrier
504 -Uwaga dot. bibliogr. załącznikowej [ , ]
    • a
    • Uwaga dot. bibliografii załącznikowej
    • Bibliografia na stronach 240-[289].
080 -Uniwersalna Klasyfikacja Dziesiętna [ , ]
    • a
    • Symbol klasyfikacji
    • 1(091)
    • 9
    • UKD
    • 2362
    • 2
    • Identyfikator wydania tablic
    • UDC-P058
    • b
    • Dopowiedzenie
    • Historia filozofii.
650 -Hasło przedmiotowe [ ,7]
    • a
    • Hasło przedmiotowe
    • Filozofia nowożytna.
    • 2
    • Źródło terminu
    • kaba
    • 9
    • KHW
    • 108760
650 -Hasło przedmiotowe [ ,7]
    • a
    • Hasło przedmiotowe
    • Filozofia Renesansu.
    • 2
    • Źródło terminu
    • kaba
    • 9
    • KHW
    • 108730
980 -Symbol UKD [ , ]
    • a
    • UKD
    • 1(091)
710 -Hasło dodatkowe - nazwa ciała zbiorowego [2, ]
    • a
    • Nazwa ciała zbiorowego lub nazwa geograficzna jako pierwszy element (NP)
    • Państwowe Wydawnictwo Naukowe (1951-1992).
    • e
    • Rodzaj współpracy
    • Wydawca
    • 4
    • Kod relacji
    • pbl
    • 9
    • KHW
    • 52048
856 -Dostęp do wersji elektronicznej [4,8]
    • 3
    • Wyszczególnienie materiału
    • Okładka
920 -ISBN [ , ]
    • a
    • ISBN
    • 83-01-08650-5 Find
    • q
    • Dopowiedzenie
    • całość
920 -ISBN [ , ]
    • a
    • ISBN
    • 83-01-08652-1 Find
    • q
    • Dopowiedzenie
    • t. 2
Status udost. Sygnatura Data inwentaryzacji Lokalizacja Numer inwentarzowy
-2 1997-02-28BEE.57617
2 1997-02-28BES.63881
2 1997-02-28BES.63882
-3 1997-02-28BES.63883
2 1997-02-28BES.63884
2 1997-02-28BES.63885
2 1997-02-28BES.63886
2 1997-02-28BES.63887
2 1997-02-28BES.63888
2 1997-02-28BES.63889
2 1997-02-28BES.63890
2 1997-02-28BES.63891
2 1997-02-28BES.63892
2 1997-02-28BES.63893
2 1997-02-28BES.63894
2 1997-02-28BES.63895
2 1997-02-28BES.63896
2 1997-02-28BES.63897
2 1997-02-28BES.63898
2 1997-02-28BES.63899
2 1997-02-28BES.63900
2 1997-02-28BES.63901
2 1997-02-28BES.63902
2 1997-02-28BES.63903
2 1997-02-28BES.63904
2 1997-02-28BES.63905
2 1997-02-28BES.63906
2 1997-02-28BES.63907
2 1997-02-28BES.63908
2 1997-02-28BES.63909
2 1997-02-28BES.63910
2 1997-02-28BES.63911
2 1997-02-28BES.63912
2 1997-02-28BES.63913
2 1997-02-28BES.63914
2 1997-02-28BES.63915
2 1997-02-28BES.63916
2 1997-02-28BES.63917
2 1997-02-28BES.63918
2 1997-02-28BES.63919
2 1997-02-28BES.63920
2 1997-02-28BES.63921
2 1997-02-28BES.63922
2 1997-02-28BES.63923
2 1997-02-28BES.63924
2 1997-02-28BES.63925
2 1997-02-28BES.63926
2 1997-02-28BES.63927
2 1997-02-28BES.63928
2 1997-02-28BES.63929
1Z.727501997-02-28BGZ.72751
-5 1997-02-28BGW.157271
-5 1997-02-28BGW.157272
-5 1997-02-28BGW.157273
-5 1997-02-28BGW.157274
-5 1997-02-28BGW.157275
-5 1997-02-28BGW.157276
-5 1997-02-28BGW.157278
-5 1997-02-28BGW.157279
-5W.1154621997-02-28BGW.157280
-5 1997-02-28BGW.157281
-5 1997-02-28BGW.157282
-5W.1154621997-02-28BGW.157283
-5 1997-02-28BGW.157284
2W.1154621997-02-28BGW.157285
-5 1997-02-28BGW.157286
-5 1997-02-28BGW.157287
-5 1997-02-28BGW.157288
-5 1997-02-28BGW.157289
2W.1154621997-02-28BGW.157290
2W.1154621997-02-28BGW.157291
2W.1154621997-02-28BGW.157292
2W.1154621997-02-28BGW.157293
2W.1154621997-02-28BGW.157294
-5W.1154621997-02-28BGW.157295
2W.1154621997-02-28BGW.157296
2W.1154621997-02-28BGW.157297
2W.1154621997-02-28BGW.157298
2W.1154621997-02-28BGW.157299
2W.1154621997-02-28BGW.157300
2W.1154621997-02-28BGW.157301
2W.1154621997-02-28BGW.157302
2W.1154621997-02-28BGW.157303
2W.1154621997-02-28BGW.157304
2W.1154621997-02-28BGW.157305
2W.1154621997-02-28BGW.157306
2W.1154621997-02-28BGW.157307
2W.1154621997-02-28BGW.157308
2W.1154621997-02-28BGW.157309
2W.1154621997-02-28BGW.157310
2W.1154621997-02-28BGW.157311
2W.1154621997-02-28BGW.157312
2W.1154621997-02-28BGW.157313
-5 1997-02-28BGW.182332
-5 1997-02-28BGW.157277
-3 1997-02-28BMG.4206
-3 1997-02-28BMR.5233
1POL. Filozofia 031997-02-28BMJO.778
1  BMWF.3030
1 1997-02-28BNSH.1234
2BWTeologii1997-02-28THPd.3481